[Event "Chigorin Memorial 25th"]
[Site "St Petersburg"]
[Date "2017.10.27"]
[Round "7"]
[White "Ali, Ahad"]
[Black "Leonova, Ameliya"]
[Result "0-1"]
[WhiteElo "1356"]
[BlackElo "1798"]
[PlyCount "102"]
[EventDate "2017.10.21"]
[EventType "swiss"]
[EventRounds "9"]
[EventCountry "RUS"]
[SourceTitle "CBM 181 Extra"]
[Source "ChessBase"]
[SourceDate "2017.12.12"]
[SourceVersion "1"]
[SourceVersionDate "2017.12.12"]
[SourceQuality "1"]

1. Nf3 Nf6 2. d4 d5 3. Bf4 g6 4. e3 Bg7 5. Be2 0-0 6. h3 b6 7. Nbd2 c5 8. c3 Nc6 9. 0-0 Bb7 10. Ne5 Nd7 11. Ndf3 f6 12. Nxc6 Bxc6 13. Qc2 e5 14. dxe5 fxe5 15. Bg3 e4 16. Nd2 Ne5 17. Rad1 Qe7 18. c4 d4 19. exd4 cxd4 20. Bg4 Nxg4 21. hxg4 e3 22. fxe3 dxe3 23. Nf3 e2 24. Bd6 exf1Q+ 25. Kxf1 Qe3 26. Bxf8 Rxf8 27. Re1 Qf4 28. Qb3 Bxf3 29. gxf3 Qxf3+ 30. Qxf3 Rxf3+ 31. Kg2 Rf4 32. b3 Rxg4+ 33. Kf3 Rd4 34. Re7 Rd3+ 35. Ke2 Rg3 36. Rxa7 Bd4 37. b4 Rc3 38. Rc7 h5 39. a4 h4 40. c5 bxc5 41. b5 c4 42. a5 h3 43. b6 Bxb6 44. axb6 h2 45. b7 Rc2+ 46. Ke3 Rb2 47. Rxc4 h1Q 48. Rc8+ Kg7 49. b8Q Rxb8 50. Rxb8 Qh3+ 51. Ke4 Qf5+ 0-1

[Event "EU School-ch U13"]
[Site "Budva"]
[Date "2017.06.16"]
[Round "6"]
[White "Ali, Ahad"]
[Black "Vujovic, Savo"]
[Result "0-1"]
[WhiteElo "1273"]
[BlackElo "1697"]
[PlyCount "55"]
[EventDate "2017.06.11"]
[EventType "swiss"]
[EventRounds "9"]
[EventCountry "MNE"]
[SourceTitle "EXT 2024"]
[Source "ChessBase"]
[SourceDate "2023.10.10"]
[SourceVersion "1"]
[SourceVersionDate "2023.10.10"]
[SourceQuality "1"]

1. e4 c5 2. Nf3 Nc6 3. d4 cxd4 4. Nxd4 Nf6 5. Nc3 e6 6. Ndb5 d6 7. Bg5 a6 8. Na3 b5 9. Bxf6 gxf6 10. Nd5 Bg7 11. c4 b4 12. Qa4 Bd7 13. Nb5 axb5 14. Qxa8 Qxa8 15. Nc7+ Ke7 16. Nxa8 Rxa8 17. cxb5 Nd4 18. Kd2 Nb3+ 19. Kc2 Nxa1+ 20. Kb1 b3 21. Kxa1 bxa2 22. Bd3 Rb8 23. Kxa2 Bxb5 24. Bc2 Ra8+ 25. Kb1 Bh6 26. Rd1 Be2 27. Re1 Bc4 28. f3 0-1